000 00660nam a2200277Ia 4500
001 Z_5662
003 CHAP
008 220113s2005 xx 000 0 und d
010 _a168764
020 _a978-0-471-21539-4
040 _cCHAP
082 _a636.085 C4 2005
100 _aChurch, D. C.
_922991
245 _aBasic animal nutrition and feeding /
_cW. G. Pond /
_cand others /
_c
250 _a5 ed.
260 _aNew Jersey :
_bWiley,
_c2005
300 _a580 p. + apend
503 _ac/e
600 _a1. Pond, W. G.
_9143022
901 _a636.085 C4 2005
902 _aM
910 _a2005
942 _c1
942 _cc1
999 _c168764
_d168764